| 000 | 00427nam a22001457a 4500 | ||
|---|---|---|---|
| 008 | 191215b xxu||||| |||| 00| 0 eng d | ||
| 082 | _aCD15775 | ||
| 100 | _aKhan, Jamuna | ||
| 245 | _aLanguage anxiety of M.Ed. English language education students. | ||
| 260 |
_aKathmandu: _c2017. |
||
| 502 |
_aDissertation _bDegree in English ( Education) _cTU. |
||
| 650 | _aEnglish language | ||
| 650 |
_aAnxiety _92380 |
||
| 942 |
_2ddc _cVM |
||
| 999 |
_c87567 _d87556 |
||